Using HTML 4 - Java 1.1 - Javascript 1.2 : Platinum Edition
A complete tutorial and reference guide teaches a vast array of new Web programming skills on advanced-level topics that Webmasters need the most, such as building Web databases, interactive forms, and Webcasting.
Sparad:
| Huvudupphovsman: | |
|---|---|
| Materialtyp: | Bok |
| Språk: | Undetermined |
| Publicerad: |
Paris
Que
1998
|
| Ämnen: | |
| Taggar: |
Lägg till en tagg
Inga taggar, Lägg till första taggen!
|
| Thư viện lưu trữ: | Trung tâm Học liệu Trường Đại học Cần Thơ |
|---|
| LEADER | 00810nam a2200205Ia 4500 | ||
|---|---|---|---|
| 001 | CTU_232661 | ||
| 008 | 210402s9999 xx 000 0 und d | ||
| 082 | |a 005.2 | ||
| 082 | |b L154 | ||
| 100 | |a Ladd, Eric | ||
| 245 | 0 | |a Using HTML 4 - Java 1.1 - Javascript 1.2 : | |
| 245 | 0 | |b Platinum Edition | |
| 245 | 0 | |c Eric Ladd, Jim O'Donnell | |
| 260 | |a Paris | ||
| 260 | |b Que | ||
| 260 | |c 1998 | ||
| 520 | |a A complete tutorial and reference guide teaches a vast array of new Web programming skills on advanced-level topics that Webmasters need the most, such as building Web databases, interactive forms, and Webcasting. | ||
| 650 | |a Java (chương trình ngôn ngữ máy tính),Java (Computer program language) | ||
| 910 | |b dqhieu | ||
| 980 | |a Trung tâm Học liệu Trường Đại học Cần Thơ | ||